000 00357nam a2200145Ia 4500
005 20260328104317.0
008 260328s9999||||xx |||||||||||||| ||und||
100 _aFleis, Sylvia
245 0 _aUrbanism in World perspective :
_ba reader /
_cSylvia Fleis
250 _a2a ed.
260 _bCrowell
300 _a619 p.
650 _aURBANISMO
942 _cBK
999 _c11205
_d11205